000
00218nam a2200097Ia 4500
008
220204s9999 xx 000 0 und d
082
_a
82-3
_b
EDE
100
_a
Eden, Dorothy
245
0
_a
Time of the dragon
942
_c
BK
999
_c
31052
_d
31052